Diplomatické právo v mezinárodních vztazích
Periodizácia procesu formovania diplomatického práva. Viedenský reglement o triedach diplomatických zástupcov. Prijatie právnych noriem diplomatického práva.
Salvato in:
| Autore principale: | |
|---|---|
| Natura: | Capitolo di libro |
| Lingua: | ceco |
| Soggetti: | |
| Tags: |
Nessun Tag, puoi essere il primo ad aggiungerne!!
|
MARC
| LEADER | 00000naa a2200000 4500 | ||
|---|---|---|---|
| 001 | r034929 | ||
| 005 | 20230927120213.6 | ||
| 041 | 0 | |a cze | |
| 044 | |a CZ | ||
| 245 | 1 | 0 | |a Diplomatické právo v mezinárodních vztazích |c Alois Drhlík |
| 520 | |a Periodizácia procesu formovania diplomatického práva. Viedenský reglement o triedach diplomatických zástupcov. Prijatie právnych noriem diplomatického práva. | ||
| 610 | 2 | 0 | |a diplomacia |
| 610 | 2 | 0 | |a právo medzinárodné |
| 610 | 2 | 0 | |a vzťahy formálne |
| 610 | 2 | 0 | |a história |
| 610 | 2 | 0 | |a etika |
| 610 | 2 | 0 | |a normy medzinárodné |
| 100 | 1 | |a Drhlík, Alois | |